| 000 | 00806nam a22002297a 4500 | ||
|---|---|---|---|
| 999 |
_c16082 _d16082 |
||
| 003 | AR-CdUCM | ||
| 008 | 190502b ||||| |||| 00| 0 spa d | ||
| 040 |
_aMUNICIPALIDAD PROVINCIAL DEL CUSCO _cBIBLIOTECA MUNICIPAL DEL CUSCO |
||
| 082 |
_a869.56 / _bS84 |
||
| 100 |
_aStubbs, Ricardo Walter _914088 |
||
| 245 | _aLaureles de la patria / | ||
| 260 |
_aLima : _bEl Universal, _c1942. |
||
| 300 |
_a141 páginas ; _c19.5 cm. |
||
| 440 |
_aColección charlas multicolores ; _n2 _935359 |
||
| 505 | _aContenido: Inmortalidad y Estela de Toribio Alayza y Paz Soldan -- Canto y acompañamiento a Daniel Alomias Robles ... | ||
| 650 |
_aEnsayos peruanos _9233 |
||
| 650 |
_aEnsayos biográficos _935360 |
||
| 650 |
_aSiglo XX. _98 |
||
| 650 |
_aPerú _935 |
||
| 942 |
_2ddc _cLIBROS |
||
| 945 |
_aacv _d2019-05-02 |
||